| 000 | 00385nam a2200145Ia 4500 | ||
|---|---|---|---|
| 008 | 211109s9999||||xx |||||||||||||| ||und|| | ||
| 082 |
_a338.521 _bSTI-R |
||
| 100 | _aStigler, George J | ||
| 245 | 0 | _aReadings in Price Theory | |
| 260 |
_bGeorge Allen _aLondon _c2008 |
||
| 300 | _a568p. | ||
| 630 | _xPOST GRADUATE REFERENCE | ||
| 650 |
_aPrices _vValueCost _xEconomics |
||
| 942 | _cBOOK | ||
| 999 |
_c34403 _d34403 |
||